Najwięksi producenci słonecznika - Statystyki

Ogólne statystyki
  • Ten quiz został rozwiązany 138 razy
  • Średni wynik to 5 z 10
Statystyki odpowiedzi
Ilość (tony) Państwo % Poprawnych
2 850 000t Chiny
85%
15 660 000t Rosja
83%
16 390 000t Ukraina
77%
1 910 000t Francja
72%
2 840 000t Rumunia
49%
1 760 000t Węgry
47%
2 420 000t Turcja
45%
2 000 000t Bułgaria
40%
3 430 000t Argentyna
32%
1 120 000t Tanzania
13%
Nie znaleziono quizów pasujących do podanych kryteriów
Rozkład punktacji
Procent ludzi z każdym wynikiem
Percentyl według liczby udzielonych odpowiedzi
Twoja historia wyników
Nie rozwiązałeś tego quizu